<?xml version="1.0" encoding="UTF-8"?>
<record
    xmlns:xsi="http://www.w3.org/2001/XMLSchema-instance"
    xsi:schemaLocation="http://www.loc.gov/MARC21/slim http://www.loc.gov/standards/marcxml/schema/MARC21slim.xsd"
    xmlns="http://www.loc.gov/MARC21/slim">

  <leader>01906nam a22003017i 4500</leader>
  <datafield tag="999" ind1=" " ind2=" ">
    <subfield code="c">22911</subfield>
    <subfield code="d">22911</subfield>
  </datafield>
  <controlfield tag="003">AR-CdUCM</controlfield>
  <controlfield tag="008">240521b20222022pe ||||| |||| 00| 0 spa d</controlfield>
  <datafield tag="020" ind1=" " ind2=" ">
    <subfield code="a">978-612-49021-7-8</subfield>
  </datafield>
  <datafield tag="040" ind1=" " ind2=" ">
    <subfield code="a">MUNICIPALIDAD PROVINCIAL DEL CUSCO</subfield>
    <subfield code="c">BIBLIOTECA MUNICIPAL DEL CUSCO</subfield>
  </datafield>
  <datafield tag="082" ind1=" " ind2=" ">
    <subfield code="a">305.4 / M96</subfield>
    <subfield code="b">M96</subfield>
  </datafield>
  <datafield tag="100" ind1=" " ind2=" ">
    <subfield code="a">Mu&#xF1;oz Cabrejo, Fanni Genoveva.</subfield>
  </datafield>
  <datafield tag="245" ind1=" " ind2=" ">
    <subfield code="a">La igualdad de las mujeres en la Rep&#xFA;blica :</subfield>
    <subfield code="b">Una promesa por cumplir /</subfield>
  </datafield>
  <datafield tag="260" ind1=" " ind2=" ">
    <subfield code="a">Lima :</subfield>
    <subfield code="b">Ministerio de Cultura del Per&#xFA;,</subfield>
    <subfield code="b">Proyecto Especial Bicentenario de la Independencia del Per&#xFA;,</subfield>
    <subfield code="c">2022</subfield>
  </datafield>
  <datafield tag="300" ind1=" " ind2=" ">
    <subfield code="a">232 p&#xE1;ginas. :</subfield>
    <subfield code="c">21cm.</subfield>
  </datafield>
  <datafield tag="500" ind1=" " ind2=" ">
    <subfield code="z">Bibliograf&#xED;a: p&#xE1;ginas 213 - 229</subfield>
  </datafield>
  <datafield tag="505" ind1=" " ind2=" ">
    <subfield code="a">La participaci&#xF3;n de las mujeres en la vida publica y la visibilizaci&#xF3;n de la escritura femenina durante el siglo XIX -- El estado, la educaci&#xF3;n y las mujeres, 1909-1930 -- Entre la integraci&#xF3;n, la invisibilizaci&#xF3;n y el reconocimiento como ciudadanas, 1930-1968 -- Democratizaci&#xF3;n de la educaci&#xF3;n e institucionalizaci&#xF3;n del movimiento de mujeres, 1968-1989 -- La exigencia de las mujeres por la igualdad de g&#xE9;nero, la visibilizaci&#xF3;n de la violencia y el enfoque de g&#xE9;nero en la pol&#xED;tica educativa -- Desaf&#xED;os de las mujeres en la educaci&#xF3;n en el marco de la crisis sanitaria</subfield>
  </datafield>
  <datafield tag="650" ind1=" " ind2=" ">
    <subfield code="a">La participaci&#xF3;n pol&#xED;tica de las mujeres en los inicios de la rep&#xFA;blica</subfield>
    <subfield code="9">49998</subfield>
  </datafield>
  <datafield tag="650" ind1=" " ind2=" ">
    <subfield code="a">Visibilizaci&#xF3;n de las mujeres en el espacio p&#xFA;blico y demanda por la educaci&#xF3;n e igualdad (1860-1909)</subfield>
    <subfield code="9">49999</subfield>
  </datafield>
  <datafield tag="650" ind1=" " ind2=" ">
    <subfield code="a"> Las mujeres maestras</subfield>
    <subfield code="9">50000</subfield>
  </datafield>
  <datafield tag="650" ind1=" " ind2=" ">
    <subfield code="a">Los inicios del movimiento feminista en el Per&#xFA;</subfield>
    <subfield code="9">50001</subfield>
  </datafield>
  <datafield tag="650" ind1=" " ind2=" ">
    <subfield code="a"> Nuevos espacios para las mujeres: los sindicatos</subfield>
    <subfield code="9">50002</subfield>
  </datafield>
  <datafield tag="650" ind1=" " ind2=" ">
    <subfield code="a">El voto de la mujer y el populismo</subfield>
    <subfield code="9">50003</subfield>
  </datafield>
  <datafield tag="700" ind1=" " ind2=" ">
    <subfield code="a">Monz&#xF3;n Rodr&#xED;guez, Flor de Mar&#xED;a </subfield>
    <subfield code="9">49918</subfield>
  </datafield>
  <datafield tag="856" ind1=" " ind2=" ">
    <subfield code="f">www.bicentenario.gob.pe/biblioteca</subfield>
  </datafield>
  <datafield tag="942" ind1=" " ind2=" ">
    <subfield code="2">ddc</subfield>
    <subfield code="c">LIBROS</subfield>
  </datafield>
  <datafield tag="945" ind1=" " ind2=" ">
    <subfield code="a">pbj</subfield>
    <subfield code="d">2024-05-21</subfield>
  </datafield>
  <datafield tag="952" ind1=" " ind2=" ">
    <subfield code="0">0</subfield>
    <subfield code="2">ddc</subfield>
    <subfield code="4">0</subfield>
    <subfield code="7">0</subfield>
    <subfield code="a">HEM</subfield>
    <subfield code="b">SH</subfield>
    <subfield code="c">CART</subfield>
    <subfield code="d">2024-05-21</subfield>
    <subfield code="f">Dep&#xF3;sito L</subfield>
    <subfield code="g">10.00</subfield>
    <subfield code="o">305.4 / M96 </subfield>
    <subfield code="p">SH0000016748</subfield>
    <subfield code="r">2024-05-21</subfield>
    <subfield code="y">LIBROS</subfield>
  </datafield>
</record>
